Statistics for 100 Biggest Cities in Italy

Click here to take the quiz!

General Stats

  • This quiz has been taken 3,686 times
  • The average score is 45 of 100

Answer Stats

RankPopulationCity% Correct
21,242,000Milan
99%
12,617,000Rome
99%
3962,000Naples
97%
4872,000Turin
96%
8358,000Florence
93%
5658,000Palermo
93%
11261,000Venice
93%
7371,000Bologna
89%
6586,000Genoa
89%
9316,000Bari
88%
12260,000Verona
84%
5888,000Pisa
81%
15202,000Trieste
79%
10294,000Catania
78%
27150,000Cagliari
77%
21176,000Parma
76%
13243,000Messina
70%
36120,000Bergamo
66%
20179,000Modena
66%
17190,000Brescia
65%
14206,000Padua
64%
28143,000Rimini
64%
48100,000Udine
63%
5096,000Lecce
60%
45103,000Ancona
59%
24157,000Livorno
59%
16200,000Taranto
58%
22162,000Perugia
57%
25154,000Ravenna
57%
6085,000Como
56%
29139,000Salerno
56%
39116,000Trento
55%
19181,000Reggio Calabria
53%
5195,000La Spezia
52%
33123,000Pescara
52%
43104,000Bolzano
51%
5790,000Brindisi
50%
30135,000Ferrara
50%
18185,000Prato
49%
6185,000Lucca
48%
34123,000Monza
48%
26153,000Foggia
47%
23162,000Reggio Emilia
47%
40116,000Vicenza
47%
31131,000Sassari
46%
32124,000Syracuse
46%
44103,000Piacenza
44%
5395,000Alessandria
42%
35120,000Latina
42%
5593,000Catanzaro
41%
6483,000Treviso
41%
42105,000Novara
40%
46100,000Arezzo
38%
7772,000Cremona
38%
37118,000Forli
37%
7673,000L'Aquila
37%
41113,000Terni
37%
8570,000Cosenza
36%
10062,000Crotone
36%
8968,000Potenza
36%
8371,000Trapani
36%
7377,000Asti
35%
4997,000Cesena
35%
6882,000Varese
35%
6682,000Grosseto
34%
8071,000Pavia
34%
9863,000Savona
33%
5690,000Pistoia
32%
9962,000Benevento
31%
7179,000Caserta
31%
8271,000Massa
31%
5295,000Pesaro
30%
7574,000Ragusa
29%
9664,000Viterbo
29%
9066,000Carrara
28%
8769,000Imola
28%
47100,000Andria
27%
5494,000Barletta
26%
8171,000Fiumicino
21%
6583,000Marsala
21%
8869,000Carpi
20%
9265,000Viareggio
19%
7277,000Gela
18%
6782,000Busto Arsizio
17%
5987,000Torre del Greco
17%
6981,000Sesto San Giovanni
16%
38118,000Giugliano in Campania
15%
8470,000Aprilia
14%
9364,000Fano
14%
7971,000Lamezia Terme
14%
6383,000Pozzuoli
14%
9464,000Afragola
13%
8670,000Altamura
12%
9564,000Vigevano
12%
9763,000Vittoria
12%
9165,000Castellammare di Stabia
11%
7872,000Quartu Sant'Elena
11%
7080,000Casoria
10%
7475,000Cinisello Balsamo
10%
6284,000Guidonia Montecelio
8%

Score Distribution

Percentile by Number Answered

Percent of People with Each Score

Your Score History

You have not taken this quiz